VICTORY CITY (Record no. 135841)

MARC details
000 -LEADER
fixed length control field 00511nam a22001937a 4500
003 - CONTROL NUMBER IDENTIFIER
control field OSt
005 - DATE AND TIME OF LATEST TRANSACTION
control field 20230711104142.0
008 - FIXED-LENGTH DATA ELEMENTS--GENERAL INFORMATION
fixed length control field 230711b |||||||| |||| 00| 0 eng d
020 ## - INTERNATIONAL STANDARD BOOK NUMBER
International Standard Book Number 978-0-670-0984-6
040 ## - CATALOGING SOURCE
Transcribing agency SBCL
082 ## - DEWEY DECIMAL CLASSIFICATION NUMBER
Classification number 823
Item number RUS-S
100 ## - MAIN ENTRY--PERSONAL NAME
Personal name RUSHDIE,SALMAN
245 ## - TITLE STATEMENT
Title VICTORY CITY
260 ## - PUBLICATION, DISTRIBUTION, ETC.
Place of publication, distribution, etc. HARYANA
Name of publisher, distributor, etc. PENGUIN RANDOM HOUSE
Date of publication, distribution, etc. 2023
300 ## - PHYSICAL DESCRIPTION
Extent 338p.
630 ## - SUBJECT ADDED ENTRY--UNIFORM TITLE
General subdivision GENERAL STACK
650 ## - SUBJECT ADDED ENTRY--TOPICAL TERM
Topical term or geographic name entry element English & Old English literatures
942 ## - ADDED ENTRY ELEMENTS (KOHA)
Koha item type BOOK
650 ## - SUBJECT ADDED ENTRY--TOPICAL TERM
Source of heading or term Literature & rhetoric
Form subdivision English fiction
Holdings
Withdrawn status Lost status Source of classification or shelving scheme Damaged status Not for loan Home library Current library Date acquired Cost, normal purchase price Total Checkouts Full call number Barcode Shelving location Date last seen Date last checked out Price effective from Koha item type
    Dewey Decimal Classification     SB LIBRARY SB LIBRARY 11/07/2023 699.00 1 823 RUS-S 142134 GENERAL STACK 07/06/2024 20/10/2023 11/07/2023 BOOK

Powered by Koha